| 000 | 00675nam a2200253Ia 4500 | ||
|---|---|---|---|
| 008 | 170203s9999 xx 000 0 und d | ||
| 020 | _a9780439291491 | ||
| 050 | _aFic | ||
| 050 | _bC319a | ||
| 100 | _aCarroll, Lewis. | ||
| 245 | _aAlice in wonderland / | ||
| 245 | _cby Lewis Carroll ; with original illustrations by John Tenniel. | ||
| 260 | _aNew York : | ||
| 260 | _bScholastic, | ||
| 260 | _c2001 | ||
| 300 | _a159 pages : | ||
| 300 | _billustrations ; | ||
| 300 | _c20 cm. | ||
| 440 | _aScholastic junior classics. | ||
| 650 | _aFairy tales. | ||
| 650 | _aFantasy -- | ||
| 650 | _xJuvenile fiction. | ||
| 700 | _aTenniel, John., illustrator. | ||
| 999 |
_c306576 _d306576 |
||